Blest Gana sus mejores páginas
Guardat en:
| Autor principal: | |
|---|---|
| Format: | Llibre |
| Idioma: | espanyol |
| Publicat: |
Santiago
Ercilla
1961
|
| Matèries: | |
| Etiquetes: |
Afegir etiqueta
Sense etiquetes, Sigues el primer a etiquetar aquest registre!
|
MARC
| LEADER | 00000nam a2200000 a 4500 | ||
|---|---|---|---|
| 001 | UCQ6852 | ||
| 003 | CL-VaPUC | ||
| 008 | 981023e19610000CL |||||||||||||||||spa|d | ||
| 082 | 0 | 4 | |a Ch863.09 |b ROJ |2 21 |
| 100 | 0 | |a Rojas, Manuel |e author |9 313776 | |
| 245 | 1 | 0 | |a Blest Gana sus mejores páginas |
| 300 | |a 347 p | ||
| 942 | |c BK | ||
| 945 | |d 19981023 00:00:00 |a crobeson | ||
| 260 | |a Santiago |b Ercilla |c 1961 | ||
| 600 | 0 | |a Blest Gana, Alberto |9 344235 | |
| 650 | 0 | |a Novela chilena |9 307631 | |
| 650 | 0 | |a Literatura chilena |9 308278 | |
| 650 | 0 | |a Crítica e interpretación |9 255042 | |
| 583 | |a last modification |c 19981023 00:00:00 |k Rodrigo Vera | ||
| 999 | |c 276755 |d 276753 | ||
| 952 | |0 0 |1 0 |4 0 |6 CH_863_090000000000000_ROJ_1961 |7 0 |8 A |9 314207 |a BIBEDU |b BIBEDU |d 2019-11-20 |i 1484451 |o Ch863.09 ROJ 1961 |p 1484451 |r 2019-11-20 |w 2019-11-20 |y BK |k LIT | ||